000 00320nam a2200133Ia 4500
005 20260328101518.0
008 260328s9999||||xx |||||||||||||| ||und||
100 _aCiceri, Angelo
245 0 _aLa Cathedrale de Milan /
_cAngelo Ciceri
260 _bTous Droits
300 _a160 p.
650 _aEDAD MEDIA
942 _cBK
999 _c9487
_d9487